Optics in atmospheric propagation, adaptive systems, and lidar techniques for remote sensing : 24-26 September 1996, Taormina, Italy /

Bibliographic Details
Corporate Authors: Consiglio nazionale delle ricerche (Italy), Society of Photo-optical Instrumentation Engineers
Other Authors: Devir, Adam D., Werner, Christian, 1935-, Kohnle, Anton
Format: Book
Language:English
Published: Bellingham, Wash., USA : SPIE, [1997]
Series:Europto series.
Proceedings of SPIE--the International Society for Optical Engineering ; v. 2956.
Subjects:
Online Access:https://www.spiedigitallibrary.org/conference-proceedings-of-SPIE/2956.toc

MARC

Tag First Indicator Second Indicator Subfields
LEADER 00000cam a2200000 a 4500
001 in00001364721
005 20230516214407.6
008 970227s1997 waua b 101 0 eng d
010 |a  96070289  
020 |a 0819423602 
035 |a (OCoLC)36536581 
035 |9 AHJ4023AM 
040 |a PUL  |c PUL  |d CUS  |d TXA  |d UtOrBLW 
049 |a TXAM 
090 |a QC871  |b .O67 1997 
245 0 0 |a Optics in atmospheric propagation, adaptive systems, and lidar techniques for remote sensing :  |b 24-26 September 1996, Taormina, Italy /  |c Adam D. Devir, Anton Kohnle, Christian Werner, chairs/editors ; sponsored by CNR--the National Research Council of Italy [and others]. 
264 1 |a Bellingham, Wash., USA :  |b SPIE,  |c [1997] 
264 4 |c ©1997 
300 |a viii, 254 pages :  |b illustrations ;  |c 28 cm. 
336 |a text  |b txt  |2 rdacontent 
337 |a unmediated  |b n  |2 rdamedia 
338 |a volume  |b nc  |2 rdacarrier 
490 1 |a Europto series 
490 1 |a Proceedings / SPIE--the international society for optical engineering ;  |v v. 2956 
504 |a Includes bibliographical references and index. 
650 0 |a Atmosphere  |x Remote sensing  |v Congresses. 
650 0 |a Optical radar  |v Congresses. 
650 0 |a Doppler radar  |x Congresses. 
700 1 |a Devir, Adam D. 
700 1 |a Werner, Christian,  |d 1935- 
700 1 |a Kohnle, Anton. 
710 2 |a Consiglio nazionale delle ricerche (Italy) 
710 2 |a Society of Photo-optical Instrumentation Engineers. 
830 0 |a Europto series. 
830 0 |a Proceedings of SPIE--the International Society for Optical Engineering ;  |v v. 2956. 
856 4 1 |u https://www.spiedigitallibrary.org/conference-proceedings-of-SPIE/2956.toc  |t 0 
999 |a MARS 
999 f f |s f9347819-b992-35f7-8ec9-391a39108225  |i 54e46eff-84c2-3f93-bf10-9e2dba7aa323  |t 0 
952 f f |p ric  |a Texas A&M University  |b Rellis Campus  |c Joint Library Facility  |d Remote Storage  |t 0  |e QC871 .O67 1997  |h Library of Congress classification  |i unmediated -- volume  |m A14821189159 
998 f f |a QC871 .O67 1997  |t 0  |l Remote Storage